Лоция Мурманского берега 1925 г. (Запись № 10028485)

Подробности
000 -МАРКЕР
контрольное поле 01888nam0a22003611 4500
001 - ИДЕНТИФИКАТОР ЗАПИСИ
контрольное поле RU\NLR\A1SV\82174
005 - ИДЕНТИФИКАТОР ВЕРСИИ
контрольное поле 20260405223229.0
035 ## - ДРУГИЕ СИСТЕМНЫЕ НОМЕРА
Идентификатор записи (NLR Aleph) 009763600
100 ## - ДАННЫЕ ОБЩЕЙ ОБРАБОТКИ
Данные общей обработки 20070917d1925 k y0rusy50 ca
101 0# - ЯЗЫК РЕСУРСА
Язык текста, звукозаписи и т.д. русский
102 ## - СТРАНА ПУБЛИКАЦИИ ИЛИ ПРОИЗВОДСТВА
Страна публикации российская федерация
105 ## - ПОЛЕ КОДИРОВАННЫХ ДАННЫХ: ТЕКСТОВЫЕ МАТЕРИАЛЫ, МОНОГРАФИЧЕСКИЕ
Кодированные данные о монографическом текстовом документе d g 000yy
200 1# - ЗАГЛАВИЕ И СВЕДЕНИЯ ОБ ОТВЕТСТВЕННОСТИ
Основное заглавие Лоция Мурманского берега 1925 г.
Первые сведения об ответственности [составители: Н.В.Морозов и П.И.Башмаков]
Последующие сведения об ответственности по Гидрографическому управлению
210 ## - ПУБЛИКАЦИЯ, РАСПРОСТРАНЕНИЕ И ДР.
Место издания, распространения и т.д. Ленинград
Имя издателя, распространителя и т. д. Редакционно-издательский отдел морских сил РККФ
Дата издания, распространения и т.д. 1925
215 ## - ФИЗИЧЕСКАЯ ХАРАКТЕРИСТИКА
Специфическое обозначение материала и объем [2], II, 654, IV с., 1 л. карт.
Размеры 23
300 ## - ОБЩИЕ ПРИМЕЧАНИЯ
Текст примечания Из предисловия: "Настоящее издание... имеет в своей основе лоцию, составленную Н.В. Морозовым. В нее внесены... изменения и накопления... автора настоящей переработки... П.И. Башмакова"
607 ## - ГЕОГРАФИЧЕСКОЕ НАИМЕНОВАНИЕ КАК ПРЕДМЕТ
Географическое наименование Баренцево море
Тематический подзаголовок Лоция
Географический подзаголовок Мурманское побережье
Системный номер авторитетной/нормативной записи 2356830
Идентификатор авторитетной/нормативной записи RU\NLR\AUTH\6601630253
620 ## - МЕСТО И ДАТА ПУБЛИКАЦИИ, ИСПОЛНЕНИЯ И Т. Д.
Город Санкт-Петербург
686 1# - ИНДЕКСЫ ДРУГИХ КЛАССИФИКАЦИЙ
Индекс О471.12,1(912.1)
702 #1 - ИМЯ ЛИЦА - ВТОРИЧНАЯ ОТВЕТСТВЕННОСТЬ
Код отношения Составитель
Материалы, к которым относится поле rus
Графика поля Кириллица
Начальный элемент ввода Башмаков
Часть имени, кроме начального элемента ввода П. И.
Даты 1890-1942
Расширение инициалов личного имени Павел Иванович
Идентификатор авторитетной/нормативной записи RU\NLR\AUTH\77101100
Системный номер авторитетной/нормативной записи 84026
702 #1 - ИМЯ ЛИЦА - ВТОРИЧНАЯ ОТВЕТСТВЕННОСТЬ
Код отношения Библиографический предшественник
Материалы, к которым относится поле rus
Графика поля Кириллица
Начальный элемент ввода Морозов
Часть имени, кроме начального элемента ввода Н. В.
Дополнения к именам, кроме дат гидрограф
Даты 1862-1925
Расширение инициалов личного имени Николай Васильевич
Идентификатор авторитетной/нормативной записи RU\NLR\AUTH\77101432
Системный номер авторитетной/нормативной записи 84358
712 01 - НАИМЕНОВАНИЕ ОРГАНИЗАЦИИ - ВТОРИЧНАЯ ОТВЕТСТВЕННОСТЬ
Код отношения Издающая организация
Начальный элемент ввода СССР
Структурное подразделение Главное гидрографическое управление
Системный номер авторитетной/нормативной записи 814895
Идентификатор авторитетной/нормативной записи RU\NLR\AUTH\880574378
801 #0 - ИСТОЧНИК ЗАПИСИ
Страна российская федерация
Организация NLR
Дата составления 20070917
852 ## - МЕСТОНАХОЖДЕНИЕ И ШИФР ХРАНЕНИЯ
Идентификатор организации NLR
Шифр хранения (Call Number) 23/201
899 ## - ДАННЫЕ О МЕСТОНАХОЖДЕНИИ (устаревшее)
Местонахождение МГУ
899 ## - ДАННЫЕ О МЕСТОНАХОЖДЕНИИ (устаревшее)
Местонахождение РГБ
899 ## - ДАННЫЕ О МЕСТОНАХОЖДЕНИИ (устаревшее)
Местонахождение НГОУНБ
899 ## - ДАННЫЕ О МЕСТОНАХОЖДЕНИИ (устаревшее)
Местонахождение СПбГУ
942 ## - ДОПОЛНИТЕЛЬНЫЕ ЭЛЕМЕНТЫ ЗАПИСИ (АБИС)
Тип экземпляра АБИС Книга
980 ## - КОЛЛЕКЦИЯ
Название коллекции Национальная библиография
980 ## - КОЛЛЕКЦИЯ
Название коллекции Международный сводный каталог русской книги (1918-1926)

Нет доступных экземпляров.